000 00927nam a2200301Ia 4500
001 1285
005 20260223142825.0
008 121119s2003 sp gr 000 0 spa
020 _a8466300651
020 _a9789588061085
040 _aCO-BoRNBP
_bspa
_erda
_cCO-BoRNBP
041 1 _aspa
084 _aN SAR2
100 1 _aSaramago, José
_d1922-
_969121
245 1 3 _aEl evangelio según Jesucristo
_cJosé Saramago ; traducción, Basilio Losada
250 _aPrimera edición
264 _aMadrid
_bPunto de Lectura
_c2003
300 _a478 páginas
_c17 cm
336 _atexto
_btxt
_2rdacontent
337 _asin mediación
_bn
_2rdamedia
338 _avolumen
_bnc
_2rdacarrier
490 0 _aPunto de Lectura
650 1 4 _aLiteratura portuguesa
_2LEMB
_9800
650 1 4 _aNovela portuguesa
_2LEMB
_916966
650 1 4 _aNovela social
_2LEMB
_916194
700 1 _aLosada, Basilio
_etraductor
_92686
942 _2loc
_cBKLIT
999 _c1285
_d1285